000 00354nam a2200133Ia 4500
008 240624s9999 xx 000 0 und d
041 _aeng
082 _a174.4 FER
100 _aFERNANDO A C
245 _aBUSINESS ETHICS AN INDIAN PERSPECTIVE
260 _c2010
_aNew Delhi
_bPearson Education
300 _axiv, : 513 : p. : cm. ; 27
365 _cRS
_b30
999 _c15386
_d15386